MARC details
| 000 -CABECERA |
| campo de control de longitud fija |
01357nam a22001937a 4500 |
| 008 - DATOS DE LONGITUD FIJA--INFORMACIÓN GENERAL |
| campo de control de longitud fija |
251017b |||||||| |||| 00| 0 eng d |
| 020 ## - NÚMERO INTERNACIONAL ESTÁNDAR DEL LIBRO |
| Número Internacional Estándar del Libro |
9781529146516 |
| 040 ## - FUENTE DE LA CATALOGACIÓN |
| Centro/agencia transcriptor |
tbs |
| 050 ## - SIGNATURA TOPOGRÁFICA DE LA BIBLIOTECA DEL CONGRESO |
| Número de clasificación |
HB615 |
| Número de documento/Ítem |
.B377 2023 |
| 100 ## - ENTRADA PRINCIPAL--NOMBRE DE PERSONA |
| Nombre de persona |
Bartlett, Steven |
| Fechas asociadas al nombre |
1992- |
| 9 (RLIN) |
26180 |
| Término indicativo de función/relación |
author |
| 245 ## - MENCIÓN DE TÍTULO |
| Título |
The diary of a CEO |
| Resto del título |
: the 33 laws of business and life |
| Mención de responsabilidad, etc. |
/ Steven Bartlett. |
| 260 ## - PUBLICACIÓN, DISTRIBUCIÓN, ETC. |
| Lugar de publicación, distribución, etc. |
London : |
| Nombre del editor, distribuidor, etc. |
Edbury Edge, |
| Fecha de publicación, distribución, etc. |
2023. |
| 300 ## - DESCRIPCIÓN FÍSICA |
| Extensión |
358 pages : |
| Otras características físicas |
illustrations (black and white) ; |
| Dimensiones |
24 cm. |
| 520 ## - SUMARIO, ETC. |
| Sumario, etc. |
At the very heart of all the success and failure I've been exposed to - both my own entrepreneurial journey and through the thousands of interviews I've conducted on my chart-topping podcast - are a set of principles that ensure excellence. These fundamental laws underpinned my meteoric rise, and they will fuel yours too, whether you want to build something great or become someone great. The laws are rooted in psychology and behavioral science, in my own experiences, and those of the world's most successful entrepreneurs, entertainers, artists, writers, and athletes, who I've interviewed on my podcast. These laws will stand the test of time and will help anyone master their life and unleash their potential, no matter the field. |
| 650 #0 - PUNTO DE ACCESO ADICIONAL DE MATERIA--TÉRMINO DE MATERIA |
| Término de materia o nombre geográfico como elemento de entrada |
Entrepreneurship |
| 9 (RLIN) |
570 |
| 650 #0 - PUNTO DE ACCESO ADICIONAL DE MATERIA--TÉRMINO DE MATERIA |
| Término de materia o nombre geográfico como elemento de entrada |
Success in business |
| 9 (RLIN) |
1506 |
| 655 #0 - TÉRMINO DE INDIZACIÓN--GÉNERO/FORMA |
| Datos o término principal de género/forma |
Self-help publications |
| 9 (RLIN) |
23836 |
| 942 ## - ELEMENTOS DE ENTRADA AGREGADA (KOHA) |
| Fuente del sistema de clasificación o colocación |
Clasificación de Library of Congress |